| 000 | 01597cad a22002415a 4500 | ||
|---|---|---|---|
| 001 | L150341 | ||
| 008 | 100701s2010 xxkd f s 000 0 eng d | ||
| 035 | _a(Sirsi) u150341 | ||
| 041 | 0 | _aeng | |
| 050 | 0 | 4 | _a333.33 $2 18 |
| 110 | 2 |
_aColliers International _95548 |
|
| 245 | 0 | 0 |
_aProperty snapshot _bJune 2010 _h[electronic resource] |
| 260 |
_aLondon _bColliers _c2010 |
||
| 490 | 0 |
_aUnited Kingdom Property Snapshot _vJune 2010 |
|
| 520 | _aBusiness survey and official data continue to suggest economic weakness. Investment market reflects strong competition between UK institutions, property companies and funds with pricing remaining firm. Retail occupier market performance is still split between London and the regions with trading remaing difficult for the rest of 2010. City Grade A office space supply goes on contracting with expectations of further substantial rental growth whereas regional leasing shows some life. The logistics and industrial sector is still weak despite improved manufacturing figures. Continued residential market growth is offset by downside risks but foreign money still supports the top of the market. | ||
| 590 | _aKA | ||
| 650 | 2 | 4 | _aCOLLIERS PROPERTY SNAPSHOT |
| 651 | 4 |
_aUnited Kingdom _y |
|
| 690 | _aPROPERTY-COMMERCIAL PROPERTY-COMMERCIAL PROPERTY MARKET | ||
| 690 | _aPROPERTY-COMMERCIAL PROPERTY-COMMERCIAL PROPERTY FINANCE AND INVESTMENT | ||
| 856 | 4 | 0 |
_uhttps://www.colliers.com/Markets/UK/content/MarketReports/MarketOverviewReports/Property_Snapshot_Jun_10.pdf _zView this report free of charge (PDF file) at www.colliers.com |
| 942 | _n0 | ||
| 999 |
_c110836 _d110836 |
||